U.S. States by the First Letter of its Biggest 3 Cities - Statistics

General Stats
  • This quiz has been taken 1,731 times
  • The average score is 31 of 50
Answer Stats
1st 2nd 3rd Letter State % Correct
Los Angeles San Diego San Jose LSS California
88%
Atlanta Augusta Columbus AAC Georgia
82%
New York City Buffalo Rochester NBR New York
82%
Houston San Antonio Dallas HSD Texas
81%
Columbus Cleveland Cincinnati CCC Ohio
79%
Seattle Spokane Tacoma SST Washington
79%
Philadelphia Pittsburgh Allentown PPA Pennsylvania
78%
Anchorage Juneau Fairbanks AJF Alaska
76%
Indianapolis Fort Wayne Evansville IFE Indiana
76%
Portland Salem Eugene PSE Oregon
75%
Phoenix Tucson Mesa PTM Arizona
74%
Jacksonville Miami Tampa JMT Florida
74%
Oklahoma City Tulsa Norman OTN Oklahoma
74%
Denver Colorado Springs Aurora DCA Colorado
73%
Honolulu East Honolulu Pearl City HEP Hawaii
70%
Chicago Aurora Joliet CAJ Illinois
69%
Minneapolis St. Paul Rochester MSR Minnesota
69%
Boston Worcester Springfield BWS Massachusetts
68%
Detroit Grand Rapids Warren DGW Michigan
68%
Kansas City St. Louis Springfield KSS Missouri
68%
Albuquerque Las Cruces Rio Rancho ALR New Mexico
68%
Las Vegas Henderson Reno LHR Nevada
67%
New Orleans Baton Rouge Shreveport NBS Louisiana
66%
Nashville Memphis Knoxville NMK Tennessee
64%
Milwaukee Madison Green Bay MMG Wisconsin
62%
Charlotte Raleigh Greensboro CRG North Carolina
61%
Salt Lake City West Valley City Provo SWP Utah
61%
Omaha Lincoln Bellevue OLB Nebraska
59%
Jackson Gulfport Southaven JGS Mississippi
58%
Newark Jersey City Paterson NJP New Jersey
58%
Birmingham Montgomery Huntsville BHM Alabama
57%
Louisville Lexington Bowling Green LLB Kentucky
57%
Virginia Beach Chesapeake Norfolk VCN Virginia
57%
Boise Meridian Nampa BMN Idaho
56%
Des Moines Cedar Rapids Davenport DCD Iowa
55%
Little Rock Fort Smith Fayetteville LFF Arkansas
54%
Baltimore Columbia Germantown BCG Maryland
53%
Fargo Bismarck Grand Forks FBG North Dakota
53%
Providence Cranston Warwick PCW Rhode Island
51%
Wichita Overland Park Kansas City WOK Kansas
50%
Portland Lewiston Bangor PLB Maine
50%
Charleston Columbia North Charleston CCN South Carolina
50%
Billings Missoula Great Falls BMG Montana
48%
Cheyenne Casper Gillette CCG Wyoming
46%
Wilmington Dover Newark WDN Delaware
45%
Sioux Falls Rapid City Aberdeen SRA South Dakota
43%
Burlington Essex South Burlington BES Vermont
40%
Manchester Nashua Concord MNC New Hampshire
38%
Charleston Huntington Morgantown CHM West Virginia
37%
Bridgeport New Haven Stamford BNS Connecticut
34%
No matching quizzes found
Score Distribution
Percent of People with Each Score
Percentile by Number Answered
Your Score History
You have not taken this quiz